00581 2200169 4500245004000000020002200040250001100062100001400073650001600087005001900103260002500122041001400147084000800161300001500169500021800184336000900402 aMetamorfosis MaisacDewi LiezhText a987-602-249-287-0 aCet. 1 aDewi Liez aNovel Fiksi a20231004095122 aJakartabQiblac2013 aIndonesia a813 a161 hlm. : aAkibat lima angka merah di rapor, Maisa mendapat hukuman dari bunda. Uang jajannya dikurangi, tidak boleh keluar main apalagi menggunakan motor usangnya. Maisa juga tidak boleh mengikuti ekstrakurikuler disekolah. atext